MARC details
| 000 -CABECERA |
| campo de control de longitud fija |
02115nam a2200337 i 4500 |
| 001 - NÚMERO DE CONTROL |
| campo de control |
000003338 |
| 003 - IDENTIFICADOR DEL NÚMERO DE CONTROL |
| campo de control |
DO-SdBNP |
| 005 - FECHA Y HORA DE LA ÚLTIMA TRANSACCIÓN |
| campo de control |
20260313112338.0 |
| 007 - CAMPO FIJO DE DESCRIPCIÓN FÍSICA--INFORMACIÓN GENERAL |
| campo de control de longitud fija |
ta |
| 008 - DATOS DE LONGITUD FIJA--INFORMACIÓN GENERAL |
| campo de control de longitud fija |
090708s1997 dr 001 0 spa d |
| 040 ## - FUENTE DE LA CATALOGACIÓN |
| Centro catalogador/agencia de origen |
DO-SdBNP |
| Lengua de catalogación |
spa |
| Centro/agencia transcriptor |
BNPHU |
| Normas de descripción |
rda |
| 041 ## - CÓDIGO DE LENGUA |
| Código de lengua del texto/banda sonora o título independiente |
spa |
| 082 #4 - NÚMERO DE LA CLASIFICACIÓN DECIMAL DEWEY |
| Número de clasificación |
342.802 |
| Número de documento/Ítem |
C758p |
| Número de edición |
22 |
| 245 00 - MENCIÓN DE TÍTULO |
| Título |
Constituciones políticas de América Latina / |
| Mención de responsabilidad, etc. |
[compilado por] Raymundo Amaro Guzmán . |
| 264 ## - PRODUCCIÓN, PUBLICACIÓN, DISTRIBUCIÓN, FABRICACIÓN Y COPYRIGHT |
| Producción, publicación, distribución, fabricación y copyright |
Santo Domingo : |
| Nombre del de productor, editor, distribuidor, fabricante |
ONAP, |
| Fecha de producción, publicación, distribución, fabricación o copyright |
1997. |
| 300 ## - DESCRIPCIÓN FÍSICA |
| Extensión |
3 volúmenes ; |
| Dimensiones |
21cm. |
| 336 ## - TIPO DE CONTENIDO |
| Término de tipo de contenido |
texto |
| Código de tipo de contenido |
txt |
| Fuente |
rdacontent |
| 337 ## - TIPO DE MEDIO |
| Nombre/término del tipo de medio |
sin mediación |
| Código del tipo de medio |
n |
| Fuente |
rdamedia |
| 338 ## - TIPO DE SOPORTE |
| Nombre/término del tipo de soporte |
volumen |
| Código del tipo de soporte |
nc |
| Fuente |
rdacarrier |
| 504 ## - NOTA DE BIBLIOGRAFÍA, ETC. |
| Nota de bibliografía, etc. |
Incluye referencias bibliográficas. |
| 505 0# - NOTA DE CONTENIDO CON FORMATO |
| Información miscelánea |
v. 1. |
| Título |
Constitución de la República de Bolivia -- |
| -- |
Constitución de la República Federativa del Brasil -- |
| -- |
Constitución de la República de Colombia -- |
| -- |
Constitución de la República de Costa Rica -- |
| -- |
Constitución de la República de Cuba -- |
| -- |
Constitución de la República de Chile. -- |
| 505 0# - NOTA DE CONTENIDO CON FORMATO |
| Información miscelánea |
v.2. |
| Título |
Constitución de la Nación Argentina -- |
| -- |
Constitución de la República del Ecuador -- |
| -- |
Constitución del Estado de El Salvador -- |
| -- |
Constitución de la República de Guatemala -- |
| -- |
Constitución de la República de Haití -- |
| -- |
Constitución de la República de Honduras -- |
| -- |
Constitución de los Estados Unidos Mexicanos -- |
| -- |
Constitución de la República de Nicaragua -- |
| 505 0# - NOTA DE CONTENIDO CON FORMATO |
| Información miscelánea |
v.3. |
| Título |
Constitución de la República de Panamá -- |
| -- |
Constitución de la República del Paraguay -- |
| -- |
Constitución de la República de Perú -- |
| -- |
Constitución del Estado Libre Asociado de Puerto Rico -- |
| -- |
Constitución de la República Dominicana -- |
| -- |
Constitución de la República Oriental de Uruguay -- |
| -- |
Constitución de la República de Venezuela. |
| 590 ## - NOTA LOCAL (RLIN) |
| Nota local |
Inventariado, 2018/ YL |
| 651 #7 - PUNTO DE ACCESO ADICIONAL DE MATERIA--NOMBRE GEOGRÁFICO |
| Nombre geográfico |
América Latina |
| Subdivisión general |
Constitución |
| 9 (RLIN) |
4092 |
| 651 #4 - PUNTO DE ACCESO ADICIONAL DE MATERIA--NOMBRE GEOGRÁFICO |
| Nombre geográfico |
America Latina |
| Subdivisión general |
Historia constitucional |
| 9 (RLIN) |
10467 |
| 700 1# - PUNTO DE ACCESO ADICIONAL--NOMBRE DE PERSONA |
| Nombre de persona |
Amaro Guzmán, Raymundo |
| Término indicativo de función/relación |
compilador |
| 9 (RLIN) |
656 |
| Código de función/relación |
comp. |
| 710 1# - PUNTO DE ACCESO ADICIONAL--NOMBRE DE ENTIDAD CORPORATIVA |
| Nombre de entidad corporativa o nombre de jurisdicción como elemento de entrada |
República Dominicana. |
| Unidad subordinada |
Oficina Nacional de Administración y Personal |
| 9 (RLIN) |
81949 |
| 910 ## - DATOS DE OPCIÓN DEL USUARIO (OCLC) |
| Datos de opción del usuario |
Validado. Control de calidad MFF |
| 942 ## - ELEMENTOS DE PUNTO DE ACCESO ADICIONAL (KOHA) |
| Fuente del sistema de clasificación o colocación |
Dewey Decimal Classification |
| Tipo de ítem Koha |
Libro |